000
00296nam a22001337a 4500
008
170823b xxu||||| |||| 00| 0 eng d
020
_a
0534173586
041
_a
eng
080
_2
4TH
_a
51
100
_a
38
101
_a
MAT
245
_a
INTRODUCTION TO ANALYSIS
_c
GAUGHAN,E.D
942
_2
udc
_c
BK
999
_c
24622
_d
24622